Γυναικείες κουβέντες
Saved in:
| Main Author: | |
|---|---|
| Other Authors: | |
| Format: | Book |
| Language: | Greek French |
| Published: |
Αθήνα :
Καστανιώτης,
1979.
|
| Subjects: | |
| Tags: |
Add Tag
No Tags, Be the first to tag this record!
|
MARC
| LEADER | 00000cam a2200000 a 4500 | ||
|---|---|---|---|
| 001 | 1/116883 | ||
| 008 | 180625s1979####gr | ||| |||| ||gre|| | ||
| 040 | |a GR-MyUa |b gre |c GR-MyUa |e AACR2 | ||
| 041 | 1 | |a gre |h fre | |
| 082 | 7 | |a 305.4 |2 (23) | |
| 100 | 1 | |a Leclerc, Annie, |d 1940-2006. | |
| 245 | 1 | 0 | |a Γυναικείες κουβέντες / |c Annie Leclerc ; μτάφραση: Νίκος Σιδέρης. |
| 260 | |a Αθήνα : |b Καστανιώτης, |c 1979. | ||
| 300 | |a 150 σ. ; |c 21 εκ. | ||
| 500 | |a Μετάφραση του: Parole de femme. | ||
| 650 | 0 | |a Women. | |
| 650 | 0 | |a Femininity. | |
| 650 | 0 | |a Sex role. | |
| 650 | 0 | |a Feminism. | |
| 700 | 1 | |a Σιδέρης, Νίκος, |d 1952- |e trl | |
| 852 | |a INST |b LESVOS |e 20180625 |h 305.4 LEC |p 005100060518 |q 005100060518 |t BK |y 0 | ||
| 852 | |a INST |b RHODES |c AKA |e 20220317 |h 305.4 LEC |p 005400042677 |q 005400042677 |t BK |y 0 | ||
| 852 | |a INST |b SYROS |e 20221024 |h 305.4 LEC |p 005500015590 |q 005500015590 |t BK |y 0 | ||
| 970 | |a Τζαφέρη |b Ευαγγελία |z 25-06-2018 | ||